| 000 | 003920000a22001570004500 | ||
|---|---|---|---|
| 060 | _a100 | ||
| 082 | _a581.63403 CHO | ||
| 100 | _aChopra I C | ||
| 100 | _aChopra R N, Nayar S L | ||
| 245 | _aGlossary of Indian medicinal plants | ||
| 260 | _aDelhi, C S I R | ||
| 260 | _c1956 | ||
| 300 | _a330 | ||
| 650 | _aIndian medicinal plants-glossary /medicinal plants- glossary | ||
| 942 | _cBK | ||
| 999 |
_c358958 _d358958 |
||